<?xml version="1.0" encoding="UTF-8"?>
<record
    xmlns:xsi="http://www.w3.org/2001/XMLSchema-instance"
    xsi:schemaLocation="http://www.loc.gov/MARC21/slim http://www.loc.gov/standards/marcxml/schema/MARC21slim.xsd"
    xmlns="http://www.loc.gov/MARC21/slim">

  <leader>00796nam a22001697a 4500</leader>
  <datafield tag="010" ind1=" " ind2=" ">
    <subfield code="a">HIN-125845 </subfield>
  </datafield>
  <datafield tag="020" ind1=" " ind2=" ">
    <subfield code="a">9788195953875</subfield>
    <subfield code="c">200.00</subfield>
  </datafield>
  <datafield tag="035" ind1=" " ind2=" ">
    <subfield code="a">HN-98191</subfield>
  </datafield>
  <datafield tag="082" ind1=" " ind2=" ">
    <subfield code="a">&#x915; </subfield>
  </datafield>
  <datafield tag="100" ind1=" " ind2=" ">
    <subfield code="a">&#x930;&#x947;&#x92E;&#x928; ,  &#x905;&#x928;&#x941;&#x935;&#x93E;&#x926;&#x93F;&#x924;-&#x905;&#x92E;&#x930;&#x940;&#x915;  &#x938;&#x93F;&#x902;&#x939; &#x926;&#x940;&#x92A; </subfield>
    <subfield code="9">56058</subfield>
  </datafield>
  <datafield tag="245" ind1=" " ind2=" ">
    <subfield code="a">6.45 pm/</subfield>
    <subfield code="c">&#x930;&#x947;&#x92E;&#x928; ,  &#x905;&#x928;&#x941;&#x935;&#x93E;&#x926;&#x93F;&#x924;-&#x905;&#x92E;&#x930;&#x940;&#x915;  &#x938;&#x93F;&#x902;&#x939; &#x926;&#x940;&#x92A; </subfield>
  </datafield>
  <datafield tag="260" ind1=" " ind2=" ">
    <subfield code="a">&#x926;&#x947;&#x939;&#x930;&#x93E;&#x926;&#x942;&#x928;</subfield>
    <subfield code="b">&#x915;&#x93E;&#x935;&#x94D;&#x92F;&#x93E;&#x902;&#x936;  &#x92A;&#x92C;&#x94D;&#x932;&#x93F;&#x915;&#x947;&#x936;&#x928;&#x94D;&#x938;</subfield>
    <subfield code="c">2023  </subfield>
  </datafield>
  <datafield tag="270" ind1=" " ind2=" ">
    <subfield code="a">&#x935;&#x936;&#x93F;&#x937;&#x94D;&#x91F; &#x938;&#x926;&#x928; ,72  &#x930;&#x947;&#x932;&#x935;&#x947; &#x930;&#x94B;&#x921; ,&#x90B;&#x937;&#x93F;&#x915;&#x947;&#x936; </subfield>
    <subfield code="b">&#x926;&#x947;&#x939;&#x930;&#x93E;&#x926;&#x942;&#x928;</subfield>
  </datafield>
  <datafield tag="300" ind1=" " ind2=" ">
    <subfield code="a">104 p </subfield>
    <subfield code="c">22cm</subfield>
  </datafield>
  <datafield tag="700" ind1=" " ind2=" ">
    <subfield code="a">&#x930;&#x947;&#x92E;&#x928; ,  &#x905;&#x928;&#x941;&#x935;&#x93E;&#x926;&#x93F;&#x924;-&#x905;&#x92E;&#x930;&#x940;&#x915;  &#x938;&#x93F;&#x902;&#x939; &#x926;&#x940;&#x92A;</subfield>
    <subfield code="9">56061</subfield>
  </datafield>
  <datafield tag="942" ind1=" " ind2=" ">
    <subfield code="2">ddc</subfield>
    <subfield code="c">HN</subfield>
    <subfield code="h">&#x915;</subfield>
    <subfield code="m">&#x926;&#x940;&#x92A;&#x906;</subfield>
  </datafield>
  <datafield tag="999" ind1=" " ind2=" ">
    <subfield code="c">197923</subfield>
    <subfield code="d">197923</subfield>
  </datafield>
</record>
